| 000 | 00368nam a22001577a 4500 | ||
|---|---|---|---|
| 003 | OSt | ||
| 005 | 20240110130745.0 | ||
| 008 | 240110b |||||||| |||| 00| 0 eng d | ||
| 020 | _a9789358899771 | ||
| 040 | _cIK | ||
| 100 |
_aBeniwal, Prateek _91292 |
||
| 245 | _aCTET Paper-l (Class l-V) Hindi | ||
| 260 |
_a New Dehli _bArihant Pub |
||
| 300 | _a594p | ||
| 942 | _cREF | ||
| 999 |
_c3599 _d3599 |
||